000 00407nam a2200157Ia 4500
008 230312s9999||||xx |||||||||||||| ||und||
020 _a1-85669-501-5
082 _a724.91
_bGRE-K
100 _aGregory;Rob
245 0 _aKey Contemporary Buildings
260 _bLaurence King Publisher
_aChina
_c2008
300 _a240
546 _aEng.
650 _aArchitecture
_vKey Contemporary Buildings
942 _cBK
999 _c7387
_d7387